000 01055cam a2200193 4500
001 X120698
008 021206n2002 000 0 eng u
035 _a(Sirsi) u120698
245 _aMatthews v SoS Environment
260 _c2002
490 _aProperty, Planning and Compensation Reports
_v[2002] 2 P&CR 558-567(10)
520 _aQBD 10 October 2002. Application to quash decision decision of SoS on planning appeal under Town and Country Planning Act 1990 s288. Strict six week time limit for lodging application. Whether too short to be compatible with right to determination of civil rights under the European Convention of Human Rights Art 6. Whether onus on decison-maker to make enquiries into Convention rights [Taken from journal headnote].
650 _aMATTHEWS V SOS ENVIRONMENT
650 _aTOWN AND COUNTRY PLANNING ACT S288
650 _aTIME LIMITS
650 _aCONVENTION FOR THE PROTECTION OF HUMAN RIGHTS AND FUNDAMENTAL FREEDOMS ART 6
690 _aENVIRONMENTAL AND LAND CONSULTANCY-PLANNING AND DEVELOPMENT
942 _n0
999 _c71723
_d71723